000 00452 a2200157 4500
999 _c999
_d999
020 _a1292039507
050 _aG155 MAR 2014
100 _aMarqua, Cook Hsu
_eauthor
245 _aTourism :
_bthe business of hospitality and travel/
_cCook,Hsu Marqua
264 _aEssex:
_bPearson,
_cc.2014
300 _a374p.
_bill
440 _aPearson new international edition
500 _aincludes index
650 _aTourism
942 _2lcc
_cBK
_h155
_iMAR
_kG
_e5th ed.